000 00856cab a2200217 4500
001 WB2439-13
008 090401t1988 xxu||||| |||| 00| 0 eng d
035 _a(Sirsi) u37989
041 _aeng
245 _aLandlords` right of entry
260 _c1988
350 _a0
490 _aEstates Gazette
_vno 8838, 24/9/88 P147
520 _aDiscusses the decisions in Hatfield v Moss , CA 25 April 1988, see WB2419-21, in which a dispute arose over the physical extent of the demised lease and Trailfinders Ltd v Razuki , ChD 15 December 1987, see Abstract 39511, where it was held that the landlord had no right to lay cabling for computers across the property demised to the tenants.
650 _aACCESS
650 _aBlock management
_96220
650 _aROOFSPACE
690 _aPROPERTY-LANDLORD AND TENANT
942 _n0
948 _c04/03/1997
999 _c24420
_d24420